Entrepreneurship (2nd Ed.) (Record no. 62707)

MARC details
000 -LEADER
fixed length control field 00933nam a2200241 a 4500
008 - FIXED-LENGTH DATA ELEMENTS--GENERAL INFORMATION
fixed length control field 120416s1992 ||||||||||||||||| || u
020 ## - INTERNATIONAL STANDARD BOOK NUMBER
International Standard Book Number 0256086915
050 ## - LIBRARY OF CONGRESS CALL NUMBER
Classification number HD 62.5 His
100 ## - MAIN ENTRY--PERSONAL NAME
Personal name Hisrich, Robert D
245 10 - TITLE STATEMENT
Title Entrepreneurship (2nd Ed.)
246 ## -
-- starting developing, and managing a new enterprise
250 ## - EDITION STATEMENT
Edition statement 2nd ed.
260 ## - PUBLICATION, DISTRIBUTION, ETC.
Place of publication, distribution, etc. Homewood, Ill.
Name of publisher, distributor, etc. Irwin
Date of publication, distribution, etc. 1992
300 ## - PHYSICAL DESCRIPTION
Extent xix, 641p. : ill.
350 ## -
-- 0.00
500 ## - GENERAL NOTE
General note Includes bibliographical references and index.
650 #0 - SUBJECT ADDED ENTRY--TOPICAL TERM
Topical term or geographic name entry element NEW BUSINESS ENTERPRISES--MANAGEMENT
650 #0 - SUBJECT ADDED ENTRY--TOPICAL TERM
Topical term or geographic name entry element BUSINESS
650 #0 - SUBJECT ADDED ENTRY--TOPICAL TERM
Topical term or geographic name entry element ENTREPRENEURSHIP
700 ## - ADDED ENTRY--PERSONAL NAME
Personal name Peters, Michael P
995 ## -
-- BINDERY (DAMAGED)
-- 0.00
-- 724915
-- CBU-MAIN LIBRARY (Kitwe)
-- 2
-- 23.95
-- HD 62.5 His
-- 2
-- DAMAGED
-- 003902
-- Main Library Open Access Collection
995 ## -
-- SHORT LOAN BOOKS
-- 0.00
-- 724914
-- CBU-MAIN LIBRARY (Kitwe)
-- 1
-- 23.95
-- HD 62.5 His
-- 1
-- AVAILABLE
-- 003901
-- Short Loan Collection
999 ## -
-- 62707
-- 62707
Holdings
Withdrawn status Lost status Source of classification or shelving scheme Damaged status Not for loan Permanent Location Current Location Shelving location Date acquired Total Checkouts Full call number Barcode Date last seen Price effective from Koha item type
          CBU-MAIN LIBRARY, KITWE. CBU-MAIN LIBRARY, KITWE.   12/16/2022   HD 62.5 His 003902 12/16/2022 12/16/2022 MONOGRAPH
          CBU-MAIN LIBRARY, KITWE. CBU-MAIN LIBRARY, KITWE.   12/16/2022   HD 62.5 His 003901 12/16/2022 12/16/2022 MONOGRAPH